| 000 | 04731nam a22004937a 4500 | ||
|---|---|---|---|
| 005 | 2010080205235.0 | ||
| 010 | _aENG-97715 B-426614-633 | ||
| 020 |
_a9878172112729 _c500.00 |
||
| 035 | _aEN-81248 B-426614-633 | ||
| 037 | _bDBAD/PUB | ||
| 037 | _bAllied Pub/Ven | ||
| 082 | _a363.7095416 | ||
| 100 |
_aSurendera Kumar _927534 |
||
| 245 |
_aEnvironmental protection / _cby Surendera Kumar |
||
| 260 |
_aNew Delhi _c2009 _bNorthern Book Centre |
||
| 270 |
_a422/1, Ansari Road, Daryaganj _bNew Delhi _e110002 |
||
| 300 |
_axx, 182 p. _c23 cm (Hb) |
||
| 500 | _aIncludes bibliographical references and index | ||
| 650 |
_aEnvioenmental health _927535 |
||
| 650 |
_aEnvioenmental protection _927536 |
||
| 942 |
_2ddc _cEN _h363.7095416 _mSUR |
||
| 999 |
_c38628 _d38628 |
||